00319nam a2200121Ia 4500008004100000020001500041041000800056082001700064100000800081245005500089260004400144300000900188230922s1999 xx 000 0 und d a9241545178 aeng a615.321bWHO aWHO aWho Monographs on selected medicinal plants, Vol-I bWorld Health Organization, Genevac1999 a289p